[Event "Lugano op"]
[Site "Lugano"]
[Date "1989.??.??"]
[Round "2"]
[White "Piket, Marcel"]
[Black "Dizdar, Goran"]
[Result "1/2-1/2"]
[WhiteElo "2355"]
[BlackElo "2505"]

1.d4 Nf6 2.Bg5 d5 3.Bxf6 exf6 4.e3 Be6 5.c3 c6 6.Bd3 Bd6 7.Nd2 Nd7 8.Qc2 g6
9.e4 c5 10.Ngf3 Qc7 11.exd5 Bxd5 12.Be4 Be6 13.O-O-O O-O 14.d5 Bg4 15.h3 Bxf3
16.Bxf3 b5 17.h4 f5 18.h5 Nf6 19.Kb1 Rfe8 20.Rh4 Re5 21.hxg6 fxg6 22.g4 fxg4
23.Bxg4 a5 24.f4 g5 25.fxe5 Bxe5 26.Be6+ Kh8 27.Qf5 Rf8 28.Ne4 Nd7 29.Qxg5 Bf4
30.Qe7 Qe5 31.Nxc5 Qe2 32.Rg1 Bg3 33.Qxd7 Rf1+ 34.Rxf1 Qxf1+ 35.Kc2 Qe2+
36.Kb3 Qc4+ 37.Kc2  1/2-1/2

[Event "Lugano op"]
[Site "Lugano"]
[Date "1989.??.??"]
[Round "8"]
[White "Giffard, Nicolas"]
[Black "Sibarevic, Milenko"]
[Result "0-1"]
[WhiteElo "2345"]
[BlackElo "2365"]

1.d4 Nf6 2.Bg5 d5 3.Bxf6 exf6 4.e3 Bd6 5.c4 dxc4 6.Bxc4 O-O 7.Nc3 c5 8.dxc5 Bxc5
9.Qh5 Bb4 10.Ne2 Nc6 11.O-O Ne5 12.Bb3 Bg4 13.Qh4 Qd2 14.Nd4 Bxc3 15.bxc3 Rac8
16.f4 Qxe3+ 17.Kh1 g5 18.Qh6 Ng6 19.h3 Rxc3 20.hxg4 Qxd4 21.Rad1 Rd3 22.Rxd3 Qxd3
23.Rd1 Qg3 24.f5 Ne5 25.Kg1 Re8 26.Kf1 Nxg4  0-1

[Event "Novi Sad op"]
[Site "Novi Sad"]
[Date "1989.??.??"]
[Round "1"]
[White "Dragovic, Momcilo"]
[Black "Petrovic, Dragoljub"]
[Result "0-1"]
[WhiteElo "2335"]
[BlackElo "2245"]

1.d4 Nf6 2.Bg5 g6 3.Nc3 Bg7 4.e4 d6 5.h3 c6 6.a4 O-O 7.Nf3 Qc7 8.Qd2 Nbd7
9.Bc4 Nxe4 10.Nxe4 d5 11.Bxd5 cxd5 12.Nc3 Qd6 13.O-O a6 14.Rfe1 e6 15.a5 b5
16.axb6 Nxb6 17.b3 Bd7 18.Ne5 Rfc8 19.Ng4 Qb4 20.Nf6+ Bxf6 21.Bxf6 Rxc3 22.Re5 Bb5
23.Rd1 Nd7 24.Re3 Rac8 25.Be7 Qxe7 26.Rxc3 Rb8 27.Qf4 Kg7 28.Rc7 Rd8 29.c4 dxc4
30.bxc4 Ba4 31.Rb1 Qf6 32.Qe4 Nf8 33.Rbb7 Be8 34.d5 Nd7 35.d6 Qa1+ 36.Kh2 Kf6
37.f4 e5 38.fxe5+ Nxe5 39.c5 Bd7 40.c6 Bf5  0-1

[Event "Novi Sad op"]
[Site "Novi Sad"]
[Date "1989.??.??"]
[Round "7"]
[White "Dragovic, Momcilo"]
[Black "Radibratovic, Predrag"]
[Result "1-0"]
[WhiteElo "2335"]
[BlackElo "2305"]

1.d4 Nf6 2.Bg5 c5 3.Bxf6 gxf6 4.d5 Qb6 5.Nf3 Bh6 6.e3 f5 7.Nbd2 Qxb2 8.Bd3 Qf6
9.O-O O-O 10.Re1 e5 11.e4 Bxd2 12.Nxd2 f4 13.a4 d6 14.a5 Kh8 15.Nc4 Rg8 16.Bf1 Na6
17.Ra3 Nc7 18.Rb3 Rb8 19.Qb1 Ne8 20.Qb2 h5 21.Kh1 h4 22.h3 Qg6 23.Nxe5 dxe5
24.Qxe5+ Nf6 25.Qxb8 Bxh3 26.Qxf4 Bxg2+ 27.Kh2 Rg7 28.Qxh4+ Rh7 29.Qxh7+ Qxh7+
30.Kxg2 Kg8 31.Rh3 Nh5 32.Kh2 Qh6 33.Bg2 Qf4+ 34.Kg1 Qe5 35.Rd1 Nf4 36.Rg3+ Kf8
37.Bf3 Nh5 38.d6 Nxg3 39.d7 Ne2+ 40.Kf1 Ng3+ 41.fxg3  1-0

[Event "GMA Baleares Open"]
[Site "Palma de Mallorca"]
[Date "1989.??.??"]
[Round "2"]
[White "Gurevich, Mikhail"]
[Black "Wolff, Patrick G"]
[Result "1-0"]
[WhiteElo "2640"]
[BlackElo "2505"]

1.d4 Nf6 2.Bg5 d5 3.Bxf6 exf6 4.e3 c5 5.dxc5 Bxc5 6.Nc3 Be6 7.Bb5+ Nc6 8.Nge2 O-O
9.O-O Ne5 10.Nf4 a6 11.Ba4 Nc4 12.Bb3 Nxb2 13.Qe2 Rc8 14.Ncxd5 Bxd5 15.Nxd5 b5
16.c3 Ba3 17.Rab1 Nc4 18.Rfd1 Qd6 19.Bxc4 Rxc4 20.Nb6 Qxb6 21.Qxc4 Qxe3 22.Qxb5  1-0

[Event "GMA Baleares Open"]
[Site "Palma de Mallorca"]
[Date "1989.??.??"]
[Round "8"]
[White "Hodgson, Julian M"]
[Black "Yakovich, Yuri"]
[Result "1-0"]
[WhiteElo "2535"]
[BlackElo "2450"]

1.d4 d5 2.Bg5 Nf6 3.Bxf6 exf6 4.e3 Bd6 5.c4 dxc4 6.Bxc4 O-O 7.Nc3 c6 8.Nge2 f5
9.Qc2 Nd7 10.h3 Qa5 11.O-O-O b5 12.Bb3 Nb6 13.Kb1 Be6 14.g4 b4 15.Na4 Rac8
16.Nc5 Bd5 17.Nb7 Bxb3 18.Qxb3 Qa6 19.Nxd6 Rcd8 20.Nxf5 Qxe2 21.Ne7+ Kh8
22.Nxc6 Rde8 23.Ne5  1-0

[Event "Paris-ch"]
[Site "Paris"]
[Date "1989.??.??"]
[Round "8"]
[White "Giffard, Nicolas"]
[Black "Abramovic, Bosko"]
[Result "1/2-1/2"]
[WhiteElo "2345"]
[BlackElo "2485"]

1.d4 Nf6 2.Bg5 d5 3.Bxf6 exf6 4.e3 c6 5.c4 dxc4 6.Bxc4 Bd6 7.Qh5 O-O 8.Nc3 Nd7
9.Bb3 Nb6 10.Nge2 Qe7 11.e4 g6 12.Qh6 Rd8 13.O-O f5 14.Bc2 fxe4 15.Nxe4 Nd5
16.Nxd6 Rxd6 17.Ng3 Qf8 18.Qd2 Nf6 19.f4 Qd8 20.f5 Rxd4 21.Qg5 Ng4 22.Qxd8+ Rxd8
23.Rae1 Kg7 24.fxg6 hxg6 25.Re7 Nf6 26.Bb3 Rd7 27.Rxd7 Bxd7 28.Ne4 Nd5 29.Nd6 Be6
30.Nxb7 Ne3 31.Rc1 Bxb3 32.axb3 Rb8 33.Na5 Rb5 34.Nxc6 Rxb3 35.Rb1 a6 36.Na5 Rb5
37.Nc6 Rb6 38.Na5 Rb5 39.Nc6 Rc5 40.Nb4 a5 41.Nd3 Rc2 42.Ne1 Re2 43.b3 f5
44.g3 g5 45.Nf3 g4 46.Nd4 Rg2+ 47.Kh1 Rd2 48.Re1 Rxd4 49.Rxe3 Rd1+ 50.Kg2 Rd2+
51.Kf1 Kf6 52.Re2 Rd1+ 53.Kg2 Rd3 54.Ra2 Rd5 55.h3 gxh3+ 56.Kxh3 Rb5 57.Ra4 Ke5
58.Kh4 Kd5 59.Kg5 Kc6 60.Rc4+ Kd6  1/2-1/2

[Event "Reykjavik"]
[Site "Reykjavik"]
[Date "1989.??.??"]
[Round "?"]
[White "Hodgson, Julian M"]
[Black "Sigfusson, Sigurdur"]
[Result "1-0"]
[WhiteElo "2545"]
[BlackElo "2310"]

1.d4 d5 2.Bg5 Nf6 3.Bxf6 exf6 4.e3 c5 5.Nf3 Nc6 6.Be2 Be6 7.O-O Qb6 8.Nc3 Be7
9.Na4 Qa5 10.Nxc5 Bxc5 11.dxc5 Qxc5 12.Qd2 O-O 13.Rfd1 Rfd8 14.c3 Qb6 15.Qc2 Rac8
16.Nd4 g6 17.Qb3 Qc7 18.Rac1 Na5 19.Qb4 Nc4 20.Rc2 a6 21.h3 Qb8 22.Nxe6 fxe6
23.Qe7 Qd6 24.Qxf6 Ne5 25.Rcd2 Rf8 26.Qh4 Rc7 27.c4 Rcf7 28.f4 Nd7 29.cxd5 e5
30.fxe5 Qxe5 31.Qd4 Qg3 32.d6 Ne5 33.Kh1 b5 34.Qe4 g5 35.d7 Rd8 36.Bh5 Re7
37.Qd5+ Kg7 38.Qc5 Re6 39.Qc7 Rh6 40.Qxd8 Rxh5 41.Qe7+ Nf7 42.d8=Q  1-0

[Event "Sverdlovsk"]
[Site "Sverdlovsk"]
[Date "1989.??.??"]
[Round "?"]
[White "Malaniuk, Vladimir P"]
[Black "Rashkovsky, Nukhim N"]
[Result "1/2-1/2"]
[WhiteElo "2560"]
[BlackElo "2520"]

1.d4 Nf6 2.Bg5 d5 3.Bxf6 exf6 4.e3 c6 5.c4 Be6 6.cxd5 cxd5 7.Nc3 Bb4 8.a3 Bxc3+
9.bxc3 O-O 10.Nf3 Nd7 11.Be2 Nb6 12.O-O Qe7 13.Nd2  1/2-1/2

[Event "SWE-ch"]
[Site "?"]
[Date "1989.??.??"]
[Round "?"]
[White "Sjodahl, Pontus"]
[Black "Winge, Stefan"]
[Result "1/2-1/2"]
[WhiteElo "2240"]
[BlackElo "2270"]

1.d4 Nf6 2.Bg5 c5 3.Nc3 cxd4 4.Qxd4 Nc6 5.Qh4 g6 6.Bxf6 exf6 7.e3 Bg7 8.Bc4 O-O
9.Nge2 d6 10.O-O Be6 11.Bb3 f5 12.Qxd8 Raxd8 13.Rfd1 Rfe8 14.Rd2 a6 15.Rad1 Bf8
16.Nf4 Kg7 17.Ncd5 Rc8 18.Nb6 Rc7 19.Nfd5 Bxd5 20.Bxd5 Nb8 21.Bb3 Nd7 22.Nd5 Rc5
23.Nf4 Nf6 24.c3 Rec8 25.Rd4 Be7 26.Kf1 Rb5 27.Nd3 Ne4 28.Rb4 Rxb4 29.Nxb4 Rc5
30.Nd5 Bf8 31.Rd4 Nf6 32.Nb4 Be7 33.Ke2 Rc8 34.Bd5 Rc7 35.Bf3 Kf8 36.Kd3 Nd7
37.Kc2 Nf6 38.Kb3 Ke8 39.h3 Kd8 40.Bd5 Ke8 41.Bf3 Kd8 42.Ka4 Kc8 43.Bd5 Bd8
44.Kb3 Rd7 45.Nc2 Bb6 46.Rd2 Kc7 47.Kc4 Re7 48.b4 h5 49.Bf3 h4 50.Nd4  1/2-1/2

[Event "SWE-ch"]
[Site "?"]
[Date "1989.??.??"]
[Round "?"]
[White "Johansson, Jan"]
[Black "Winsnes, Rikard"]
[Result "1-0"]
[WhiteElo "2365"]
[BlackElo "2355"]

1.d4 Nf6 2.Bg5 c5 3.e3 Qb6 4.Bxf6 Qxb2 5.Nd2 gxf6 6.Rb1 Qxa2 7.Bc4 Qa4 8.Qh5 e6
9.Bb3 Qa6 10.d5 b5 11.c4 b4 12.Ne2 Qd6 13.f4 f5 14.e4 exd5 15.exf5 Bb7 16.O-O a5
17.cxd5 Bxd5 18.Nc4 Bxc4 19.Bxc4 Qf6 20.Rfe1 Be7 21.Ng3 O-O 22.Rxe7 Qxe7
23.Qh6 Ra6 24.Bxa6 f6 25.Bc4+ Kh8 26.Kh1 Qg7 27.Qxg7+ Kxg7 28.Rd1 a4 29.Rd6 b3
30.Ne4 Nc6 31.Rxd7+ Kh8 32.Rc7 b2 33.Nc3 Na5 34.Rxc5 Nxc4 35.Rxc4 Ra8 36.Rb4 a3
37.Na2 Rc8  1-0

[Event "SWE-ch"]
[Site "?"]
[Date "1989.??.??"]
[Round "?"]
[White "Sjodahl, Pontus"]
[Black "Akesson, Ralf"]
[Result "0-1"]
[WhiteElo "2240"]
[BlackElo "2445"]

1.d4 Nf6 2.Bg5 c5 3.Nc3 cxd4 4.Qxd4 Nc6 5.Qh4 e6 6.e4 Be7 7.f4 d6 8.O-O-O Qa5
9.Nf3 Bd7 10.Bb5 h6 11.e5 dxe5 12.Nxe5 Nxe5 13.fxe5 Bxb5 14.exf6 Bc6 15.Nd5 Bxd5
16.fxg7 Bxg5+ 17.Qxg5 Rg8 18.Qf6 Bxa2 19.h4 Rd8 20.Rxd8+ Qxd8 21.Qxh6 Qd4
22.h5 Bd5 23.Kb1 Qxg7 24.Qe3 Qxg2 25.Rd1 Qf3 26.Qd4 Rg4 27.Qh8+ Ke7 28.Rc1 Qe3
29.b3 Bxb3 30.cxb3 Qxb3+ 31.Qb2 Qd3+ 32.Rc2 Rg1+ 33.Ka2 Qa6+ 34.Kb3 Qb6+
35.Kc3 Qxb2+ 36.Kxb2 Rh1 37.Rc7+ Kf6 38.Rxb7 Rxh5 39.Rxa7 Rd5  0-1

[Event "Toronto"]
[Site "Toronto"]
[Date "1989.??.??"]
[Round "8"]
[White "Day, Lawrence A"]
[Black "Dlugy, Maxim"]
[Result "1-0"]
[WhiteElo "2380"]
[BlackElo "2570"]

1.d4 d5 2.Bg5 Nf6 3.Bxf6 gxf6 4.e3 c5 5.Nc3 cxd4 6.Qxd4 e6 7.O-O-O Nc6 8.Bb5 Bd7
9.Bxc6 bxc6 10.Nge2 Be7 11.f4 Qb6 12.Qd3 Rb8 13.b3 Rg8 14.e4 Rxg2 15.f5 Rd8
16.fxe6 fxe6 17.exd5 cxd5 18.Qxh7 Qe3+ 19.Kb1 Qg5 20.Rhg1 Rc8 21.h4 Qg4 22.Rxg2 Qxg2
23.Rg1 Qxg1+ 24.Nxg1 Rxc3 25.Ne2 Re3 26.Qg8+ Bf8 27.Nf4  1-0

[Event "Uzes op"]
[Site "Uzes"]
[Date "1989.??.??"]
[Round "5"]
[White "Bricard, Emmanuel"]
[Black "Plachetka, Jan"]
[Result "1/2-1/2"]
[WhiteElo "2375"]
[BlackElo "2430"]

1.d4 Nf6 2.Bg5 c5 3.Bxf6 gxf6 4.d5 f5 5.c3 Bg7 6.e3 O-O 7.Ne2 d6 8.Ng3 e6
9.Bc4 Na6 10.O-O Nc7 11.a4 b6 12.Nh5 Bb7 13.Nf4 Qe7 14.Qb3 Rae8 15.Na3 Be5
16.dxe6 fxe6 17.Rfe1 Kh8 18.Nb5 d5 19.Bf1 a6 20.Nxc7 Bxc7 21.g3 c4 22.Qd1 Qf7
23.Bg2 e5 24.Ne2 Bd6 25.b3 cxb3 26.Qxb3 Bc5 27.Rad1 Rd8 28.Kh1 Rd6 29.Qb2 Re8
30.Kg1 Qc7 31.Qb1 Rf8 32.Qb2 Re8 33.Qb1 Qd7 34.c4 Bc6 35.cxd5 Bxa4 36.Rc1 Qf7
37.Qa2 Bb5 38.Nc3 Bd3 39.Red1 e4 40.Bf1 Bxf1 41.Kxf1 Qh5 42.Na4 Qxh2 43.Nxc5 bxc5
44.Rxc5 Rh6 45.Ke2 Qh5+ 46.Ke1 Qf7 47.Qc2 Rd8 48.Qc3+ Kg8 49.Qe5 Rh1+ 50.Kd2 Rh2
51.Kc3 Re8 52.Qf4 Qf6+ 53.Rd4 Rh1 54.Qc7 Rc1+ 55.Kd2 Rxc5 56.Qxc5 Rd8 57.d6 Qe6
58.d7 Kf7 59.Qc7 Ke7 60.Qc5+ Kf7 61.Qc7  1/2-1/2

[Event "Uzes op"]
[Site "Uzes"]
[Date "1989.??.??"]
[Round "9"]
[White "Dextreit, J."]
[Black "Bourguet, G."]
[Result "1-0"]
[WhiteElo "2130"]
[BlackElo "2080"]

1.d4 Nf6 2.Bg5 c5 3.d5 Qb6 4.Nc3 g6 5.d6 Bg7 6.dxe7 Qxb2 7.Bd2 Ne4 8.Nxe4 Qxa1
9.Qxa1 Bxa1 10.Bg5 f6 11.Nxf6+ Bxf6 12.Bxf6 Rg8 13.e4 b5 14.Bxb5 Ba6 15.Bxa6 Nxa6
16.Ne2 Kf7 17.e5 Rab8 18.Kd2 Rb4 19.Nc3 Nc7 20.Re1 Ne8 21.Ne4 Nxf6 22.exf6 Rd4+
23.Kc3 Re8 24.Nxc5 Rd6 25.Ne4 Rc8+ 26.Kb2 Rb6+ 27.Kc1 h6 28.Rd1 Ke6 29.Nc5+ Kxf6
30.Nxd7+ Kxe7 31.Nxb6 axb6 32.Rd4 Rc5 33.a4 Ke6 34.Rb4  1-0

[Event "Vrnjacka Banja"]
[Site "Vrnjacka Banja"]
[Date "1989.??.??"]
[Round "?"]
[White "Sahovic, Dragutin"]
[Black "Skembris, Spyridon"]
[Result "0-1"]
[WhiteElo "2410"]
[BlackElo "2455"]

1.d4 Nf6 2.Bg5 d5 3.Nc3 c6 4.Qd3 Qa5 5.f3 Nbd7 6.Bd2 Qc7 7.e4 Nb6 8.e5 Ng8
9.f4 g6 10.Qf3 h5 11.g3 Nh6 12.h3 Bf5 13.O-O-O O-O-O 14.Rh2 Kb8 15.Be3 Qd7
16.Be2 f6 17.Qg2 Rg8 18.b3 Ka8 19.Kb2 Be6 20.Nf3 Nf7 21.Ne1 Nh6 22.Nd3 Qc8
23.Bf2 Bf5 24.Rg1 Bxd3 25.Bxd3 f5 26.Be3 e6 27.Qf2 c5 28.Be2 c4 29.a4 Qc7
30.Nb5 Qc6 31.Qe1 Rc8 32.Qa5 a6 33.Rc1 Kb8 34.Na3 Nf7 35.Ka2 Nd8 36.Qe1 Nxa4
37.bxa4 Qxa4 38.Qc3 b5 39.Rb1 b4 40.Bd1 b3+ 41.Rxb3+ cxb3+ 42.Qxb3+ Qxb3+
43.cxb3 Kb7 44.Kb2 Bxa3+ 45.Kxa3 Nc6 46.Be2 Na7 47.Kb2 Nb5 48.Bd3 Nc3 49.Rh1 Ne4
50.Ra1 Rc6 51.Rg1 Rc3 52.Rd1 Rgc8 53.g4 hxg4 54.hxg4 fxg4 55.Bg1 g3 56.Be3 Nf2
57.Bxf2 gxf2 58.Bf1 Rf3  0-1

[Event "JUG-chT"]
[Site "Zlatibor"]
[Date "1989.??.??"]
[Round "?"]
[White "Lazic, Marina"]
[Black "Micic, Jordanka"]
[Result "0-1"]
[WhiteElo "2135"]
[BlackElo "2215"]

1.d4 Nf6 2.Bg5 d5 3.Bxf6 exf6 4.e3 Bd6 5.Bd3 c6 6.Nd2 f5 7.Qf3 g6 8.Ne2 Nd7
9.h3 Nf6 10.O-O-O Ne4 11.Kb1 Ng5  0-1

[Event "OHRA-B"]
[Site "Amsterdam"]
[Date "1990.??.??"]
[Round "8"]
[White "Piket, Jeroen"]
[Black "Stohl, Igor"]
[Result "1/2-1/2"]
[WhiteElo "2495"]
[BlackElo "2525"]

1.d4 Nf6 2.Bg5 d5 3.Nf3 Ne4 4.Bf4 c5 5.e3 Qb6 6.Qc1 Nc6 7.c3 Bf5 8.Be2 h6
9.O-O e6 10.Nbd2 Be7  1/2-1/2

[Event "Azov Interzonal (Women)"]
[Site "Azov"]
[Date "1990.??.??"]
[Round "16"]
[White "Amura, Claudia Noemi"]
[Black "Battsetseg, Tuvshintugs"]
[Result "1/2-1/2"]
[WhiteElo "2285"]
[BlackElo "2230"]

1.d4 Nf6 2.Bg5 g6 3.Bxf6 exf6 4.e3 f5 5.Bd3 d6 6.Ne2 Nd7 7.Nf4 Nf6 8.Qf3 Bg7
9.Nd2 c6 10.c3 Qe7 11.O-O O-O 12.Rfe1 Bd7 13.h4 Rae8 14.e4 fxe4 15.Nxe4 Nxe4
16.Rxe4 Qf6 17.Qg3 Rxe4 18.Bxe4 Re8 19.Bf3 Bf5 20.Qh2 Bh6 21.Qg3 Kh8 22.Nh3 Bxh3
23.Qxh3 d5 24.Qd7  1/2-1/2

[Event "Bad Woerishofen op"]
[Site "Bad Woerishofen"]
[Date "1990.??.??"]
[Round "?"]
[White "Klinger, Josef"]
[Black "Maxion, Dirk"]
[Result "1-0"]
[WhiteElo "2475"]
[BlackElo "2210"]

1.d4 Nf6 2.Bg5 g6 3.Nc3 d6 4.Bxf6 exf6 5.g3 Bg7 6.Bg2 O-O 7.Nh3 Re8 8.O-O c6
9.e3 Nd7 10.Ne4 Nf8 11.Nf4 d5 12.Nd2 Ne6 13.Nd3 Ng5 14.c4 dxc4 15.Nxc4 Be6
16.Rc1 Bd5 17.Nf4 Bxg2 18.Kxg2 Ne6 19.Nxe6 Qd5+ 20.Qf3 Qxe6 21.b4 Rad8 22.Na5 Qe7
23.b5 Rd5 24.Nxb7 Qxb7 25.bxc6 Qb5 26.c7 Rc8 27.Rb1 Qd7 28.Rb8 Rh5 29.Rc1 Bf8
30.h4 Rxc7 31.Qa8 Ra5 32.Rxc7 Qxc7 33.Rxf8+ Kg7 34.Rg8+ Kh6 35.Qf3 f5 36.e4 Qc1
37.g4 fxg4 38.Qxf7 Ra3 39.Qg7+ Kh5 40.Qxh7+ Qh6 41.Rh8  1-0

[Event "Baden-Baden op"]
[Site "Baden-Baden"]
[Date "1990.??.??"]
[Round "4"]
[White "Gerstner, Wolfgang"]
[Black "Sutterer, Robert"]
[Result "1-0"]
[WhiteElo "2340"]
[BlackElo "2235"]

1.d4 Nf6 2.Bg5 g6 3.Nc3 d5 4.f3 Nc6 5.e4 dxe4 6.Bb5 Bd7 7.fxe4 h6 8.Bf4 Nh5
9.Be3 e5 10.d5 Ne7 11.Be2 Nf4 12.Bxf4 exf4 13.Qd4 Rg8 14.O-O-O Bg7 15.e5 g5
16.Bh5 Bf5 17.g3 Bg6 18.Bxg6 Nxg6 19.gxf4 Nxf4 20.Nf3 Qe7 21.Rhe1 a6 22.Ne4 O-O-O
23.Qa7 Qb4 24.Nc5  1-0

[Event "Bern op"]
[Site "Bern"]
[Date "1990.??.??"]
[Round "7"]
[White "Klinger, Josef"]
[Black "Hoelzl, Franz"]
[Result "1-0"]
[WhiteElo "2475"]
[BlackElo "2390"]

1.d4 Nf6 2.Bg5 c5 3.d5 e5 4.Nc3 d6 5.e4 Be7 6.Bb5+ Nbd7 7.a4 O-O 8.Nf3 a6
9.Be2 Rb8 10.a5 b5 11.axb6 Rxb6 12.Bc1 Rb4 13.Nd2 Ne8 14.Bxa6 Bxa6 15.Rxa6 Nc7
16.Ra1 Bg5 17.O-O c4 18.Qe2 Bxd2 19.Qxd2 Qb8 20.Qe2 Qb7 21.Nd1 Ra8 22.Rxa8+ Qxa8
23.c3 Ra4 24.Ne3 Nc5 25.Nxc4 Qa6 26.b4 Nb3 27.h3 Kf8 28.Be3 Ra2 29.Qd3 Ke7
30.Rb1 Ra1 31.Rxa1 Qxa1+ 32.Kh2 Qa6 33.Nb2 Qxd3 34.Nxd3 f5 35.Nc1 Na1 36.f3 Nc2
37.Bb6 Nb5 38.Ne2 fxe4 39.fxe4 Nba3 40.Ba7 Kd7 41.Kg1 Nb1 42.Kf2 Nd2 43.Ng3 Nb1
44.Ke2 Nca3 45.Kd3 Nxc3 46.Kxc3 Nb5+ 47.Kc4 Nxa7 48.Nh5  1-0

[Event "Bern op"]
[Site "Bern"]
[Date "1990.??.??"]
[Round "8"]
[White "Landenbergue, Claude"]
[Black "Gheorghiu, Florin"]
[Result "1/2-1/2"]
[WhiteElo "2385"]
[BlackElo "2470"]

1.d4 Nf6 2.Bg5 c5 3.Bxf6 gxf6 4.d5 Qb6 5.Qc1 f5 6.c3 e6 7.Nh3 Qd6 8.Na3 Qxd5
9.Qg5 Qe5 10.Nc4 h6 11.Qh4 Qg7 12.Qf4 Nc6 13.O-O-O d5 14.Nd6+ Kd7 15.Nxf5 exf5
16.Rxd5+ Ke8 17.e4 Be6 18.Bb5 Rc8 19.Re1 fxe4 20.Qxe4 Be7 21.Nf4 Bg5 22.h4 Bxf4+
23.Qxf4 a6 24.Qd6 axb5 25.Qd7+ Kf8 26.Rxe6 fxe6 27.Qxc8+ Kf7 28.Rd7+ Ne7
29.Qxc5 Re8 30.g3 b4 31.Qxb4 Qe5 32.Qd4 Qxd4  1/2-1/2

[Event "Biel-B"]
[Site "Biel"]
[Date "1990.??.??"]
[Round "5"]
[White "Costa, Jean Luc"]
[Black "Campora, Daniel H"]
[Result "1/2-1/2"]
[WhiteElo "2405"]
[BlackElo "2510"]

1.d4 Nf6 2.Bg5 d5 3.Bxf6 exf6 4.e3 c6 5.c4 dxc4 6.Bxc4 Bd6 7.Nc3 Qe7 8.Qf3 Nd7
9.Nge2 h5 10.Ng3 Nb6 11.Bb3 Bg4 12.Qe4 g6 13.Rc1 h4 14.Nge2 Bd7 15.Nf4 f5
16.Qxe7+ Kxe7 17.Nd3 Rad8 18.Ne5 Be8 19.Ne2 Nd7 20.Nxd7 Bxd7 21.Nc3 Be6 22.Bxe6 fxe6
23.Ke2 e5 24.d5 c5 25.e4 a6 26.Na4 fxe4 27.Nxc5 Bxc5 28.Rxc5 Rc8 29.Rhc1 Rxc5
30.Rxc5 Kd6 31.Rc2 Kxd5 32.Ke3 Rf8 33.Rd2+ Ke6 34.Kxe4 Rf4+ 35.Ke3 Rc4 36.h3 g5
37.Kf3 a5 38.b3 g4+ 39.hxg4 Rf4+ 40.Ke3 Rxg4 41.f3 Rb4 42.Rd3 Kf5 43.Rd7 b5
44.Ra7 a4 45.bxa4 bxa4 46.Ra6 Rd4 47.Rc6 Rb4 48.Ra6 Rc4 49.Kd3 Rd4+ 50.Ke3 Rb4
51.Kd3 Kf4 52.Rg6 Rd4+ 53.Ke2 Kf5 54.Ra6 e4 55.fxe4+ Kxe4 56.Rh6 Kf5 57.Kf3 Kg5
58.Re6 Rf4+ 59.Ke2 Rg4 60.Kf3 Rg3+ 61.Kf2 Rc3 62.Re3 Rc2+ 63.Re2 Rc4 64.Kg1 Kf4
65.Kh2 Rc3 66.Rb2 a3 67.Rb4+ Ke3 68.Rxh4 Rc2 69.Ra4 Rxa2 70.Kh3 Kd3 71.Kh4 Ra1
72.g4 a2  1/2-1/2

[Event "Bordeaux"]
[Site "Bordeaux"]
[Date "1990.??.??"]
[Round "2"]
[White "Rausis, Igors"]
[Black "Stromer, Alexander"]
[Result "1-0"]
[WhiteElo "2470"]
[BlackElo "2300"]

1.d4 Nf6 2.Bg5 d5 3.Nd2 e6 4.e3 c5 5.c3 Nc6 6.Ngf3 Qb6 7.Qb3 Bd7 8.Be2 Bd6
9.O-O Qxb3 10.axb3 cxd4 11.exd4 h6 12.Bh4 O-O 13.b4 Rfe8 14.b5 Ne7 15.Ne5 g5
16.Bg3 Nf5 17.Bd3 Nxg3 18.fxg3 Bxe5 19.dxe5 Ng4 20.Rae1 f6 21.exf6 Rf8 22.Nb3 Kf7
23.Nc5 Bc8 24.Be2 Nxf6 25.Bg4 b6 26.Nxe6 Bxe6 27.Rxe6 Kg7 28.Bf3 Rad8 29.Rfe1 g4
30.Bd1 Rf7 31.Rf1 Rdd7 32.Rf4 h5 33.h3 Ne8  1-0

[Event "Bordeaux"]
[Site "Bordeaux"]
[Date "1990.??.??"]
[Round "5"]
[White "Palac, Mladen"]
[Black "Gomez Esteban, Juan Mario"]
[Result "1/2-1/2"]
[WhiteElo "2505"]
[BlackElo "2400"]

1.d4 Nf6 2.Bg5 d5 3.Nd2 Nbd7 4.Ngf3 g6 5.c4 c6 6.cxd5 cxd5 7.e3 Bg7 8.Bd3 O-O
9.O-O Qb6 10.Qc2 e5 11.dxe5 Ng4 12.e4 Ngxe5 13.exd5 Nxd3 14.Qxd3 Qxb2 15.Be7 Re8
16.d6 Nb6 17.Ne4 Bf5 18.Rfb1 Bxe4 19.Qxe4 Qa3 20.Ne5 Rxe7 21.dxe7 Qxe7 22.f4 f6
23.Rxb6 Qc5+ 24.Kh1 Qxb6 25.Qxb7  1/2-1/2

[Event "Bordeaux"]
[Site "Bordeaux"]
[Date "1990.??.??"]
[Round "11"]
[White "Klaric, Zlatko"]
[Black "Stromer, Alexander"]
[Result "0-1"]
[WhiteElo "2400"]
[BlackElo "2300"]

1.d4 Nf6 2.Bg5 d5 3.e3 e6 4.Nd2 h6 5.Bh4 c5 6.c3 cxd4 7.exd4 Bd6 8.Ngf3 Nbd7
9.Bd3 O-O 10.O-O Qc7 11.Qe2 Nh5 12.g3 Ndf6 13.Bxf6 Nxf6 14.Ne5 Bxe5 15.dxe5 Nd7
16.Nf3 Nc5 17.Bc2 b6 18.Qe3 a5 19.Nd4 Ba6 20.Rfe1 b5 21.f4 Ne4 22.Rac1 Rac8
23.Bd3 Qb8 24.a4 Nc5 25.axb5 Bb7 26.Ra1 Qc7 27.f5 exf5 28.Bxf5 Rce8 29.Nc6 Nb3
30.Ra3 a4 31.Rxa4 Bxc6 32.bxc6 Qxc6 33.Rg4 Kh8 34.Rh4 Re7 35.e6 Qc5 36.Bc2 Rxe6
37.Qxc5 Nxc5 38.Rf1 Ne4 39.Rd1 g5 40.Rh3 Rb8 41.Bxe4 dxe4 42.b4 f5 43.Rd5 e3
44.Kf1 e2+ 45.Ke1 Ra8 46.Ra5 Rd8 47.Ra1 Rd3 48.c4 f4 49.b5 f3 50.b6 Rd1+
51.Rxd1 f2+  0-1

[Event "CSR-ch U16"]
[Site "Brno"]
[Date "1990.??.??"]
[Round "?"]
[White "Cech, Pavel"]
[Black "Votava, Jan"]
[Result "0-1"]
[WhiteElo "2230"]
[BlackElo "2340"]

1.d4 Nf6 2.Bg5 c5 3.Bxf6 gxf6 4.c3 Qb6 5.Qc2 Nc6 6.e3 d6 7.Nd2 cxd4 8.exd4 Bd7
9.Ngf3 O-O-O 10.Bd3 Rg8 11.O-O h5 12.b4 d5 13.b5 Na5 14.Rfe1 Kb8 15.Nb3 e6
16.Qe2 Rc8 17.Nxa5 Qxa5 18.c4 dxc4 19.Bxc4 Rxc4 20.Qxc4 Bxb5 21.Qc2 Bc6 22.Re3 f5
23.Rb1 Bd5 24.a4 Bh6 25.Rb5 Qd8 26.Rc3 h4 27.h3 Bf4 28.Kf1 a6 29.Rbc5 Be4
30.Qb2 Qd7 31.R5c4 Bd5 32.Rb4 Bd6 33.Rb6 Qxa4 34.Qc2 Qd7 35.Nxh4 Be4 36.Qb3 Ka7
37.Nf3 Bc7 38.Ne5 Bxe5 39.dxe5 Bxg2+ 40.Ke2 Qd4 41.Rb4 Qxe5+ 42.Re3 Qa1 43.Qd1 Qxd1+
44.Kxd1 b5 45.h4 Rh8 46.Rg3 Be4 47.f3 Bd5 48.Rh3 Kb6 49.Kd2 Rh5 50.Rb1 a5
51.Kc3 Kc5 52.Rg1 e5 53.Rg8 b4+ 54.Kd3 Bxf3 55.Rc8+ Kb5 56.Rb8+ Ka4 57.Kc4 e4
58.Rh2 Ka3 59.Rb5 f4  0-1

[Event "Spring op"]
[Site "Budapest"]
[Date "1990.??.??"]
[Round "3"]
[White "Bukhman, Eduard"]
[Black "Rosenthal, Dirk"]
[Result "0-1"]
[WhiteElo "2430"]
[BlackElo "2305"]

1.d4 Nf6 2.Bg5 g6 3.Bxf6 exf6 4.Nf3 f5 5.e3 Bg7 6.Be2 O-O 7.O-O d6 8.a4 c5
9.c3 Nc6 10.Na3 Re8 11.Re1 Qf6 12.Bb5 a6 13.Bf1 f4 14.d5 Ne7 15.e4 Bg4 16.Nc4 Rad8
17.a5 g5 18.Be2 Ng6 19.Nfd2 Bd7 20.e5 Rxe5 21.Nxe5 Nxe5 22.Nc4 Nxc4 23.Bxc4 g4
24.Qd3 Qg5 25.Rac1 Be5 26.b4 cxb4 27.cxb4 Rc8 28.Qd2 Qf6 29.Red1 g3 30.Bf1 Rxc1
31.Qxc1 gxf2+ 32.Kxf2 Bd4+ 33.Kf3 Be3 34.Qc7 Qe7 35.Qc2 Qg5 36.g3 Qh5+  0-1

[Event "Spring op"]
[Site "Budapest"]
[Date "1990.??.??"]
[Round "3"]
[White "Landenbergue, Claude"]
[Black "Berecz, Arpad"]
[Result "1/2-1/2"]
[WhiteElo "2385"]
[BlackElo "2225"]

1.d4 Nf6 2.Bg5 d5 3.Bxf6 exf6 4.e3 c6 5.c4 Be6 6.cxd5 Bxd5 7.Nc3 Bb4 8.Nf3 O-O
9.Bd3 Qa5 10.Qc2 Bxf3 11.gxf3 Kh8 12.a3 Nd7 13.Qb3 Bxc3+ 14.bxc3 Qh5 15.Be2 b6
16.O-O f5 17.Qc2 f4 18.e4 Qh4 19.Kh1 Rae8 20.Bd3 Qh5 21.Qe2 Re6 22.Rg1 Rh6
23.Rg2 Re8 24.a4 Nf6 25.Rc1 Nxe4 26.Bxe4 f5 27.Qd2 fxe4 28.Qxf4 Qxf3 29.Qxf3 exf3
30.Rg3 Rf6 31.a5 b5 32.c4 bxc4 33.Rxc4 Kg8 34.h3 Kf7 35.Rc3 Re1+ 36.Kh2 Rf1
37.Rgxf3 Rxf2+ 38.Rxf2 Rxf2+ 39.Kg3 Rf6 40.d5 cxd5 41.Rc7+ Kg6 42.Rxa7 Rd6  1/2-1/2

[Event "Budapest IM-B"]
[Site "Budapest"]
[Date "1990.??.??"]
[Round "5"]
[White "Milonjic, Mihajlo"]
[Black "Kende, Gyorgy"]
[Result "0-1"]
[WhiteElo "2225"]
[BlackElo "2265"]

1.d4 Nf6 2.Bg5 g6 3.Bxf6 exf6 4.e3 Bg7 5.Ne2 O-O 6.g3 d6 7.Bg2 Nc6 8.O-O Re8
9.c4 Bg4 10.Nbc3 h5 11.h3 Bd7 12.Nf4 Ne7 13.Ncd5 c6 14.Nxe7+ Rxe7 15.b4 Qc7
16.Rb1 Bh6 17.Qf3 Rae8 18.b5 Qa5 19.bxc6 bxc6 20.Ra1 Re4 21.Qd1 R4e7 22.Nd3 h4
23.gxh4 Re4 24.c5 Rxh4 25.Qf3 Kg7 26.Qg3 Rh5 27.Qxd6 Bf5 28.Ne1 Re6 29.Qh2 Qc3
30.Nf3 Rxe3 31.fxe3 Bxe3+ 32.Kh1 g5 33.Qg3 Bf4 34.Qe1 Qc4 35.Nh2 Bxh3 36.Rxf4 Bxg2+
37.Kxg2 gxf4 38.Nf3 Qc2+ 39.Qf2 Qg6+ 40.Kf1 Rh1+ 41.Ng1 f3 42.Rd1 Kf8 43.d5 cxd5
44.c6 Qe4 45.c7 Qc4+ 46.Ke1 Rxg1+ 47.Kd2 Rg2  0-1

[Event "Buenos Aires op"]
[Site "Buenos Aires"]
[Date "1990.??.??"]
[Round "2"]
[White "Tempone, Marcelo"]
[Black "Borghi, Humberto"]
[Result "1/2-1/2"]
[WhiteElo "2390"]
[BlackElo "2320"]

1.d4 Nf6 2.Bg5 c5 3.d5 Qb6 4.Nc3 Qxb2 5.Bd2 Qb6 6.e4 d6 7.f4 Qc7 8.Nf3 Nbd7
9.Qe2 Nb6 10.Nb5 Qb8 11.c4 a6 12.Nc3 e5 13.fxe5 dxe5 14.Rb1 Nbd7 15.Qf2 Bd6
16.Bd3 Qc7 17.O-O b5 18.Nh4 b4 19.Nf5 bxc3 20.Nxg7+ Kd8 21.Bg5 Be7 22.Qh4 a5
23.Nf5 Ra6 24.Rbd1 Rd6 25.Rf3 Rg8 26.Rdf1  1/2-1/2

[Event "Cannes op"]
[Site "Cannes"]
[Date "1990.??.??"]
[Round "2"]
[White "Goldstein, Marc"]
[Black "Etchegaray, Patrice"]
[Result "0-1"]
[WhiteElo "2110"]
[BlackElo "2280"]

1.d4 Nf6 2.Bg5 c5 3.d5 Ne4 4.Bf4 Qb6 5.Qc1 e6 6.dxe6 fxe6 7.Nf3 Be7 8.Nbd2 Nxd2
9.Nxd2 O-O 10.e3 d5 11.Be2 Nc6 12.O-O Bf6 13.Rb1 e5 14.Bg3 Bf5 15.e4 dxe4
16.Nc4 Qc7 17.Ne3 Be6 18.c3 Bxa2 19.Ra1 Bf7 20.Qc2 Bg6 21.Bc4+ Kh8 22.Bd5 Bg5
23.Rfe1 Rf4 24.Rad1 Ne7 25.Be6 Rd8 26.Qb3 Rff8 27.Ra1 b6 28.Qa4 Qc6 29.Qb3 Qc7
30.Red1 Bxe3 31.fxe3 Nf5 32.Bxf5 Bxf5 33.c4 Rd3 34.Rxd3 exd3 35.Rf1 Qe7 36.e4 Bxe4
37.Rxf8+ Qxf8 38.Bxe5 Qf5 39.Qc3 Qg5 40.Bg3 d2 41.Qb3 Qg4  0-1